Analog Circuit Design : Scalable Analog Circuit Design, High Speed D/A Converters, RF Power Amplifiers /

Ponencias del congreso sobre trabajos y avances en el diseño de circuitos análogos celebrado en Noordwijk, Holanda, del 24 al 26 de abril de 2001. Los temas abordados fueron el diseño escalable de circuitos análogos; Convertidores analógico/digital de alta velocidad; Amplificadores de poder de radio...

Volledige beschrijving

Bewaard in:
Bibliografische gegevens
Coauteur: Workshop on Advances in Analog Circuit Design ( Noordwijk, Holanda)
Andere auteurs: Huijsing, Johan H. (edición) (edición), Steyaert, Michiel (edición) (edición), Roermund, Arthur H.M. van (edición) (edición)
Formaat: Conferentie akten Boek
Taal:Engels
Gepubliceerd in: Boston, EUA : Kluwer, 2002, c2002
Onderwerpen:
Tags: Voeg label toe
Geen labels, Wees de eerste die dit record labelt!

MARC

LEADER 00000nam^a2200000^a^4500
001 000152768
005 20250521000000.0
009 20260310100255.505
020 |a 0-7923-7621-8 
037 |a Acervo ITESO - Biblioteca 
041 |a ING 
082 |a 621. 3815  |b WOR 2001 
111 |a Workshop on Advances in Analog Circuit Design (  |d 2001 :  |c Noordwijk, Holanda) 
240 1 1 |a [Analog Circuit Design] 
245 1 0 |a Analog Circuit Design :  |b Scalable Analog Circuit Design, High Speed D/A Converters, RF Power Amplifiers /  |c Ed. de J.H. Huijsing, M. Steyaert, A. van Roermund. 
264 4 |a Boston, EUA :  |b Kluwer,  |c 2002, c2002 
300 |a VIII, 394 p. 
336 |a texto  |b txt  |2 rdacontenido 
337 |a sin mediación  |b n  |2 rdamedio 
338 |a volumen  |b nc  |2 rdasoporte 
520 |a Ponencias del congreso sobre trabajos y avances en el diseño de circuitos análogos celebrado en Noordwijk, Holanda, del 24 al 26 de abril de 2001. Los temas abordados fueron el diseño escalable de circuitos análogos; Convertidores analógico/digital de alta velocidad; Amplificadores de poder de radiofrecuencia. Contenido: Diseño de circuitos analógicos escalables de alta velocidad; Diseño de circuitos escalables de alta resolución de modo mixto; Diseño de circuitos integrados escalables de altos voltajes para aplicaciones XDSL; Escalabilidad para frentes de líneas de alambre analógicas; Diseño de circuitos analógicos IP reutilizables; Herramientas para el proceso de migración entre circuitos analógicos y digitales; Introducción al diseño de convertidores digital-analógico de alta velocidad; Consideraciones del diseño para circuitos analógicos digitales dirigidos por corriente CMOS de 12B 200MHz reobjetivables; Convertidores CMOS digital/analógicos de alta velocidad para aplicaciones de cable contracorriente; Resolución de las limitaciones de desempeño estáticas y dinámicas para convertidores digital/analógico de alta velocidad; Convertidores digital-analógico de alta velocidad: el reto de la linelidad dinámica; Convertidor de 400 MHz, carga de 10 bits, dominio CMOS D/A para síntesis de frecuencia falsa; Consideración en el diseño de amplificadores de poder de radiofrecuencia, demostrada a través de un módulo del amplificador de poder GSM/EDGE; Amplificadores de frecuencia RF/Microondas de alta eficiencia clase E: principios de operación, procedimientos del diseño y verificación experimental; Arquitectura de líneas de transmisión; Amplificadores de potencia monolíticos acoplados de transformador de radiofrecuencia en SI-Bipolar; Diseño de amplificadores de potencia de bajo voltaje con el estándar de CMOS. 
649 |a XX 
650 |a Circuitos Integrados -  |x Congresos 
650 |a Circuitos Analógicos -  |x Congresos 
650 |a Amplificadores de Potencia 
650 |a Convertidores de Corriente Eléctrica 
650 |a Circuitos Electrónicos -  |x Análisis 
650 |a Circuitos Electrónicos -  |x Diseño y Construcción 
650 |a Radiofrecuencia 
650 |a Radio -  |x Equipo y Aparatos 
650 |a Electrónica Digital 
650 |a Sistemas Analógicos Electrónicos 
650 |a Ingeniería Eléctrica 
650 |a Ingeniería Electrónica 
700 |a Huijsing, Johan H.  |e (edición) 
700 |a Steyaert, Michiel  |e (edición) 
700 |a Roermund, Arthur H.M. van  |e (edición) 
910 |a Fondo General 
920 |a Impresos - Libros 
930 |a Colección General 
905 |a 101 
901 |a 0500081739  |b IT1  |c ACC  |u 20250521 
902 |a https://opac.biblio.iteso.mx/vufind/Record/000152768